Zombie school / (Record no. 21279)
[ view plain ]
| 000 -LEADER | |
|---|---|
| fixed length control field | 03405cam a22004933a 4500 |
| 005 - DATE AND TIME OF LATEST TRANSACTION | |
| control field | 20051114095758.0 |
| 008 - FIXED-LENGTH DATA ELEMENTS--GENERAL INFORMATION | |
| fixed length control field | 991019s1999 nyu j 000 1 eng d |
| 010 ## - LCCN (DPL NO) | |
| LC control number | B-331056-066 |
| 020 ## - INTERNATIONAL STANDARD BOOK NUMBER | |
| International Standard Book Number | 0590993976 |
| Terms of availability | 95.00 |
| 020 ## - INTERNATIONAL STANDARD BOOK NUMBER | |
| International Standard Book Number | 9780590993975 |
| Terms of availability | 95.00 |
| 035 ## - SYSTEM CONTROL NUMBER | |
| System control number | B-331056-066 |
| 035 ## - SYSTEM CONTROL NUMBER | |
| System control number | B-358582 |
| 037 ## - SOURCE OF ACQUISITION | |
| Source of stock number/acquisition | The Wise owl |
| 040 ## - CATALOGING SOURCE | |
| Original cataloging agency | dpl |
| Language of cataloging | English |
| 082 ## - DEWEY DECIMAL CLASSIFICATION NUMBER | |
| Classification number | S |
| 100 ## - MAIN ENTRY--PERSONAL NAME | |
| Personal name | Stine, R. L. |
| 245 ## - TITLE STATEMENT | |
| Title | Zombie school / |
| Statement of responsibility, etc | by R.L. Stine |
| 260 ## - PUBLICATION, DISTRIBUTION, ETC. (IMPRINT) | |
| Place of publication, distribution, etc | Gurgaon |
| Name of publisher, distributor, etc | Scholastic Inc. |
| Date of publication, distribution, etc | 2008 (repr.) |
| 300 ## - PHYSICAL DESCRIPTION | |
| Extent | 135p. |
| Dimensions | 20cm. (pbk) |
| 490 ## - SERIES STATEMENT | |
| Series statement | Give yourself goosebumps ;40 |
| 500 ## - GENERAL NOTE | |
| General note | "An Apple paperback." |
| 500 ## - GENERAL NOTE | |
| General note | "A Parachute Press book"--T.p. verso. |
| 650 ## - SUBJECT ADDED ENTRY--TOPICAL TERM | |
| Topical term or geographic name as entry element | Horror tales. |
| 655 ## - INDEX TERM--GENRE/FORM | |
| Genre/form data or focus term | Horror fiction. |
| Source of term | gsafd |
| 655 ## - INDEX TERM--GENRE/FORM | |
| Genre/form data or focus term | Children's stories. |
| Source of term | lcsh |
| 710 ## - ADDED ENTRY--CORPORATE NAME | |
| Corporate name or jurisdiction name as entry element | Copyright Paperback Collection (Library of Congress) |
| 800 ## - SERIES ADDED ENTRY--PERSONAL NAME | |
| Personal name | Stine, R. L. |
| Title of a work | Give yourself goosebumps ;40 |
| 942 ## - ADDED ENTRY ELEMENTS (KOHA) | |
| Source of classification or shelving scheme | Dewey Decimal Classification |
| Item type | Children Books |
| Classification part | S |
| Call number suffix | STI |
| Withdrawn status | Lost status | Source of classification or shelving scheme | Damaged status | Not for loan | Collection code | Home library | Current library | Date acquired | Source of acquisition | Cost, normal purchase price | Total Checkouts | Full call number | Barcode | Date last seen | Copy number | Cost, replacement price | Koha item type | Total Renewals | Public note |
|---|---|---|---|---|---|---|---|---|---|---|---|---|---|---|---|---|---|---|---|
| Dewey Decimal Classification | Fiction | Bawana | Bawana | 03/08/2009 | The Wise Owl/005/15.5.09/15/23.4.09/3.6.09 | 95.00 | 4 | S STI | B-331063 | 15/03/2024 | 1 | 95.00 | Children Books | ||||||
| Dewey Decimal Classification | Fiction | Bawana | Bawana | 03/08/2009 | The Wise Owl/005/15.5.09/15/23.4.09/3.6.09 | 95.00 | S STI | B-331065 | 03/08/2009 | 1 | 95.00 | Children Books | |||||||
| Dewey Decimal Classification | Fiction | Central Library | Central Library | 03/08/2009 | The Wise Owl/005/15.5.09/15/23.4.09/3.6.09 | 95.00 | 3 | S STI | B-331056 | 15/06/2024 | 1 | 95.00 | Children Books | ||||||
| Dewey Decimal Classification | Fiction | Janak Puri | Janak Puri | 25/09/2009 | The Wise Owl/018/14.9.09/91/2.9.09/16.9.09 | 95.00 | 30 | S STI | B-358582 | 23/08/2018 | 1 | 95.00 | Children Books | 1 | Rs95/= +OD, Rs-25/= RC No. 90/33 Dt-25/2/2017 | ||||
| Dewey Decimal Classification | Fiction | Jor Bagh (Children Lib) | Jor Bagh (Children Lib) | 03/08/2009 | The Wise Owl/005/15.5.09/15/23.4.09/3.6.09 | 95.00 | S STI | B-331061 | 03/08/2009 | 1 | 95.00 | Children Books | |||||||
| Dewey Decimal Classification | Fiction | Narela | Narela | 03/08/2009 | The Wise Owl/005/15.5.09/15/23.4.09/3.6.09 | 95.00 | S STI | B-331064 | 03/08/2009 | 1 | 95.00 | Children Books | |||||||
| Written-off vide DLB M. No. 383 dt 16.05.19 | Dewey Decimal Classification | Fiction | Patel Nagar | Patel Nagar | 03/08/2009 | The Wise Owl/005/15.5.09/15/23.4.09/3.6.09 | 95.00 | S STI | B-331057 | 03/08/2009 | 1 | 95.00 | Children Books | ||||||
| Dewey Decimal Classification | Fiction | Patel Nagar | Patel Nagar | 03/08/2009 | The Wise Owl/005/15.5.09/15/23.4.09/3.6.09 | 95.00 | 1 | S STI | B-331059 | 11/01/2019 | 1 | 95.00 | Children Books | ||||||
| Dewey Decimal Classification | Fiction | Peshwa Road | Peshwa Road | 03/08/2009 | The Wise Owl/005/15.5.09/15/23.4.09/3.6.09 | 95.00 | 1 | S STI | B-331058 | 26/06/2023 | 1 | 95.00 | Children Books | ||||||
| Dewey Decimal Classification | Fiction | Sarojini Nagar | Sarojini Nagar | 03/08/2009 | The Wise Owl/005/15.5.09/15/23.4.09/3.6.09 | 95.00 | 5 | S STI | B-331060 | 25/11/2023 | 1 | 95.00 | Children Books | 3 | |||||
| Written off | Dewey Decimal Classification | Fiction | Shahdara Branch | Shahdara Branch | 03/08/2009 | The Wise Owl/005/15.5.09/15/23.4.09/3.6.09 | 95.00 | S STI | B-331066 | 03/08/2009 | 1 | 95.00 | Children Books | Written off on approval by DLB (By Circulation); dtd 20.12.2022 | |||||
| Dewey Decimal Classification | Fiction | Vinoba Puri | Vinoba Puri | 03/08/2009 | The Wise Owl/005/15.5.09/15/23.4.09/3.6.09 | 95.00 | 12 | S STI | B-331062 | 09/09/2017 | 1 | 95.00 | Children Books |
